000 00325nam a22001337a 4500
008 170615b xxu||||| |||| 00| 0 eng d
020 _a2900495503254
041 _aeng
080 _a328
100 _a19
101 _aSHP
245 _aAMERICAM GOVERNMENT AND POLITICS TODAY THE ESSENTOALS
_cBARDE.SH
942 _2udc
_cBK
999 _c17575
_d17575